000 01115nam a2200241Ia 4500
003 PE SENCICO BE
005 20251020182439.0
008 200515s9999 xx 000 0 und d
040 _aPE SENCICO BE
_cPE SENCICO BE
041 _aspa
082 _a526.982
_bF64
100 1 _aFlorence Morella, Antonio
_93270
_eautor
245 1 0 _aDiferencias de nivel en fotografía aérea /
_cAntonio Florence Morella
260 _aMadrid :
_bServicio Geográfico del Ejército ;
_c1972
300 _a77 páginas :
_bilustraciones, tablas, gráficos ;
_c30 cm.
490 _aCuadernos de fotointerpretación ;
_vNo. 5
505 0 _aParalaje -- Cálculo de diferencias de altitud -- Determinación de datos para el cálculo de diferencias de nivel -- Visión estereoscópica y medida de paralaje -- Errores -- Instrumentos de medida -- Casos prácticos
650 1 0 _aFotogrametría
_9120
650 2 0 _aFotogrametría aérea
_9414
650 2 0 _aFotografía aérea en geología
_93268
710 1 _93271
_aEscuela de Geodesía y Topografía del Ejército [España].
_bServicio Geográfico del Ejército
942 _cLIB
_2ddc
999 _c502
_d502